The Theory of Economic Development : (Record no. 42870)
[ view plain ]
| 000 -LEADER | |
|---|---|
| fixed length control field | 00656nam a22002055i 4500 |
| 001 - CONTROL NUMBER | |
| control field | 42870 |
| 003 - CONTROL NUMBER IDENTIFIER | |
| rucl marc code | BD-RjUL |
| 005 - DATE AND TIME OF LATEST TRANSACTION | |
| control field | 20211209053615.0 |
| 008 - FIXED-LENGTH DATA ELEMENTS--GENERAL INFORMATION | |
| fixed length control field | 160616s1951 xx eng |
| 035 ## - SYSTEM CONTROL NUMBER | |
| System control number | (BD-RjUL)42988 |
| 040 ## - CATALOGING SOURCE | |
| Original cataloging agency | BD-RjUL |
| Language of cataloging | eng |
| Transcribing agency | BD-RjUL |
| 041 ## - LANGUAGE CODE | |
| Language code of text/sound track or separate title | eng |
| 082 ## - DEWEY DECIMAL CLASSIFICATION NUMBER | |
| Edition number | 23 |
| Classification number | 330 |
| Author mark and year | SCT 1951 |
| 100 1# - MAIN ENTRY--PERSONAL NAME | |
| Personal name | Schumpeter, Joseph A. |
| 9 (RLIN) | 128263 |
| 245 14 - TITLE STATEMENT | |
| Title | The Theory of Economic Development : |
| Remainder of title | an inquiry into profits, capital, credit, interest, and the business cycle / |
| Statement of responsibility, etc. | Joseph A. Schumpeter |
| 260 ## - PUBLICATION, DISTRIBUTION, ETC. (IMPRINT) | |
| Place of publication, distribution, etc. | Cambridge : |
| Name of publisher, distributor, etc. | Harvard university, |
| Date of publication, distribution, etc. | 1951 |
| 300 ## - PHYSICAL DESCRIPTION | |
| Pagination | ix, 255 p. ; |
| Size | 22 cm. |
| 650 ## - SUBJECT ADDED ENTRY--TOPICAL TERM | |
| Topical term or geographic name as entry element | Economics |
| 9 (RLIN) | 131695 |
| 942 ## - ADDED ENTRY ELEMENTS (KOHA) | |
| Source of classification or shelving scheme | Dewey Decimal Classification |
| Koha item type | Books |
| Lost status | Source of classification or shelving scheme | Damaged status | Not for loan | Collection code | Permanent Location | Current Location | Shelving location | Date acquired | Source of acquisition | Cost, normal purchase price | Total Checkouts | Full call number | Date last seen | Copy number | Koha item type |
|---|---|---|---|---|---|---|---|---|---|---|---|---|---|---|---|
| Dewey Decimal Classification | Non-fiction | Central Library, University of Rajshahi | Central Library, University of Rajshahi | 01/08/1955 | O.U.P | 16.00 | 330 SCT 1951 | 16/06/2016 | C-2 | Books | |||||
| Dewey Decimal Classification | Non-fiction | Central Library, University of Rajshahi | Central Library, University of Rajshahi | Newspapers Stack | 01/08/1955 | O.U.P | 16.00 | 330 SCT 1951 | 16/06/2016 | C-3 | Books | ||||
| Dewey Decimal Classification | Non-fiction | Central Library, University of Rajshahi | Central Library, University of Rajshahi | Newspapers Stack | 01/08/1955 | O.U.P | 16.00 | 330 SCT 1951 | 16/06/2016 | C-4 | Books | ||||
| Dewey Decimal Classification | Not For Loan | Non-fiction | Central Library, University of Rajshahi | Central Library, University of Rajshahi | Reading Room | 17/10/1962 | Sweets & Zeitlinger | 35.00 | 330 SCT 1961 | 29/12/2016 | C-1 | Books |